Star Wars Tote Schauspieler - Statistiken

Allgemein
  • Dieses Quiz wurde 60 mal gespielt
    57 seit der letzten Aktualisierung
  • Das Durchschnittsergebnis liegt bei 3 aus 9
Antwortstatistiken
Charakter Schauspieler % Korrekt
Leia Organa Carrie Fisher
88%
Count Dooku Christopher Lee
75%
Obi-wan Kenobi Sir Alec Guiness
42%
Darth Vader David Prowse
33%
R2-D2 Kenny Baker
31%
Chewbacca Peter Mayhew
27%
Boba Fett Jeremy Bulloch
15%
Garven Dreis Drewe Henely
0%
Ewok Paul Grant
0%
Keine übereinstimmenden Quizze gefunden
Verteilung der Resultate
Anzahl Personen mit jedem Resultat
Perzentil nach korrekt beantworteten Fragen
Ihre Resultats-Entwicklung
Sie haben dieses Quiz seit der letzten Aktualisierung nicht gespielt